000
00306nam a2200109Ia 4500
001
588813
005
20250717120838.0
008
250717s9999 xx 000 0 und d
245
0
_a
V-14 PROFESÖR KİP İLE KARMAN ÇORMAN BİR TATİL
_c
BİRSEN EKİM ÖZEN
260
_b
TİMAŞ YAYINLARI
_c
2016
300
_b
96
999
_c
588813
_d
588813